Detalles MARC
| 000 -LEADER |
| fixed length control field |
01595nam a22003617a 4500 |
| 003 - CONTROL NUMBER IDENTIFIER |
| control field |
DO-SdBNP |
| 005 - DATE AND TIME OF LATEST TRANSACTION |
| control field |
20230524120256.0 |
| 007 - PHYSICAL DESCRIPTION FIXED FIELD--GENERAL INFORMATION |
| fixed length control field |
ta |
| 008 - FIXED-LENGTH DATA ELEMENTS--GENERAL INFORMATION |
| fixed length control field |
940222s2013 dr a j 000 0 spa d |
| 020 ## - INTERNATIONAL STANDARD BOOK NUMBER |
| International Standard Book Number |
9789945465150 |
| 020 ## - INTERNATIONAL STANDARD BOOK NUMBER |
| International Standard Book Number |
9789945465464 (v. 4) |
| 040 ## - CATALOGING SOURCE |
| Original cataloging agency |
DO-SdBNP |
| Language of cataloging |
spa |
| Transcribing agency |
BPMSU |
| 082 #4 - DEWEY DECIMAL CLASSIFICATION NUMBER |
| Classification number |
808.83 |
| Item number |
C965v 2013 |
| Edition number |
22 |
| 245 00 - TITLE STATEMENT |
| Title |
Cuentos de valores para campeones / |
| Statement of responsibility, etc. |
compilación Josefina Jiménez ; ilustraciones Guillermo Nolasco |
| 246 14 - VARYING FORM OF TITLE |
| Title proper/short title |
Cuentos de valores para campeon@s |
| 260 ## - PUBLICATION, DISTRIBUTION, ETC. (IMPRINT) |
| Place of publication, distribution, etc. |
Santo Domingo: |
| Name of publisher, distributor, etc. |
Ediciones CP, |
| Date of publication, distribution, etc. |
2013. |
| 300 ## - PHYSICAL DESCRIPTION |
| Extent |
4 v. : |
| Other physical details |
il. ; |
| Dimensions |
21 cm. |
| 490 0# - SERIES STATEMENT |
| Series statement |
Cuentos universales |
| 500 ## - GENERAL NOTE |
| General note |
|
| 505 0# - FORMATTED CONTENTS NOTE |
| Miscellaneous information |
v. 1: |
| Title |
Valor: bondad -- |
| -- |
Valor: honestidad -- |
| -- |
Valor: respeto -- |
| -- |
Valor: responsabilidad -- |
| -- |
Valor: agradecimiento -- |
| -- |
Valor: amabilidad -- |
| -- |
Valor: obediencia -- |
| -- |
Valor: generosidad / |
| 505 0# - FORMATTED CONTENTS NOTE |
| Miscellaneous information |
v. 2 : |
| Title |
Valor: servicio / colaboración -- |
| -- |
Valor: valentía -- |
| -- |
Valor: amistad -- |
| -- |
Valor: perdón / |
| 505 0# - FORMATTED CONTENTS NOTE |
| Miscellaneous information |
v. 3 : |
| Title |
Actitud positiva -- |
| -- |
Tolerancia -- |
| -- |
Humildad -- |
| -- |
Valentía -- |
| -- |
Amor -- |
| -- |
Responsabilidad -- |
| -- |
Optimismo -- |
| -- |
Autoestima / |
| 505 0# - FORMATTED CONTENTS NOTE |
| Miscellaneous information |
v. 4 : |
| Title |
Paciencia -- |
| -- |
Honestidad -- |
| -- |
Colaboración -- |
| -- |
Perdón -- |
| -- |
Fidelidad -- |
| -- |
Bondad -- |
| -- |
Prudencia / |
| 590 ## - LOCAL NOTE (RLIN) |
| Local note |
Inventariado, 2022 / YL |
| 650 #4 - SUBJECT ADDED ENTRY--TOPICAL TERM |
| Topical term or geographic name as entry element |
Cuentos infantiles |
| Form subdivision |
Coleccioens |
| 650 #4 - SUBJECT ADDED ENTRY--TOPICAL TERM |
| Topical term or geographic name as entry element |
Animales |
| Form subdivision |
Cuentos infantiles |
| 650 #4 - SUBJECT ADDED ENTRY--TOPICAL TERM |
| Topical term or geographic name as entry element |
Valores sociales |
| Form subdivision |
Cuentos infantiles. |
| 700 1# - ADDED ENTRY--PERSONAL NAME |
| Personal name |
Jiménez, Josefina |
| Relator term |
Comp. |
| 700 1# - ADDED ENTRY--PERSONAL NAME |
| Personal name |
Nolasco, Guillermo |
| Relator term |
il. |
| 700 1# - ADDED ENTRY--PERSONAL NAME |
| Personal name |
Víctor Manuel |
| Relator term |
il. |
| 910 ## - USER-OPTION DATA (OCLC) |
| User-option data |
VMateo V. Control de calidad (BPMSU) |
| 942 ## - ADDED ENTRY ELEMENTS (KOHA) |
| Source of classification or shelving scheme |
Dewey Decimal Classification |
| Koha item type |
Libros |